| 000 | 00971nam a22002657a 4500 | ||
|---|---|---|---|
| 001 | 2375 | ||
| 003 | FISKH | ||
| 005 | 20250827150027.0 | ||
| 008 | 231121b cb ||||| |||| 00| 0 eng d | ||
| 020 | _a9789814281133 | ||
| 040 |
_aFISKH _beng _cFISKH _dFISKH |
||
| 050 | _aPZ7 | ||
| 082 | _a428.6 | ||
| 100 | _aGiles, Jenny | ||
| 245 |
_aLittle red riding hood / _cRetold by Jenny Giles ; illustrated by Karin Ryan |
||
| 260 |
_aVictoria : _bPM library, _c1998. |
||
| 300 |
_a32 pages : _bcolor illustrations ; _c22 cm |
||
| 505 | _aJ | ||
| 520 | _aThis well-known story was collected by both Perrault (France, 1690's) and the Brothers Grimm(Germany, 1820's.) Many traditional tales have crossed the language boundaries in this way. Set in a German forest, circa 1700. | ||
| 521 | 8 |
_a460
_bLexile |
|
| 521 | 8 |
_aJ
_bRaz-Plus |
|
| 650 |
_aLittle red riding hood _vJuvenile literature |
||
| 700 |
_aRyan, Karin _eillustrator |
||
| 942 |
_2ddc _cBK _n0 |
||
| 999 |
_c2375 _d2375 |
||